Zahraniční politika USA a její vnitropolitické aspekty
Americký prezident a jeho úloha vyplývajúca z ústavy. Zložky americkej administratívy zaoberajúce sa zahraničnou politikou. Verejnosť a médiá a ich záujem o zahraničnú politiku. Spravodajské servery informujúce o zahraničnej politike USA.
Gespeichert in:
| 1. Verfasser: | |
|---|---|
| Format: | Buchkapitel |
| Sprache: | Tschechisch |
| Schlagworte: | |
| Tags: |
Keine Tags, Fügen Sie das erste Tag hinzu!
|
MARC
| LEADER | 00000naa$a2200000$$$4500 | ||
|---|---|---|---|
| 001 | 0026939 | ||
| 005 | 20231016092049.2 | ||
| 041 | 0 | |a cze | |
| 044 | |a CZ | ||
| 245 | 1 | 0 | |a Zahraniční politika USA a její vnitropolitické aspekty |c Miloš Calda |
| 520 | |a Americký prezident a jeho úloha vyplývajúca z ústavy. Zložky americkej administratívy zaoberajúce sa zahraničnou politikou. Verejnosť a médiá a ich záujem o zahraničnú politiku. Spravodajské servery informujúce o zahraničnej politike USA. | ||
| 610 | 2 | 0 | |a politika zahraničná |
| 610 | 2 | 0 | |a politika vnútorná |
| 610 | 2 | 0 | |a administratíva |
| 610 | 2 | 0 | |a prezidenti |
| 610 | 2 | 0 | |a vzťahy medzinárodné |
| 610 | 2 | 0 | |a médiá |
| 610 | 2 | 0 | |a mienka verejná |
| 610 | 2 | 0 | |a USA |
| 100 | 1 | |a Calda, Miloš | |